| 000 | 00793nam a2200169 a 4500 | ||
|---|---|---|---|
| 008 | 120416s1989 ||||||||||||||||| || u | ||
| 050 | _aNA 106 Sim | ||
| 100 | _aSimmons, H. Leslie | ||
| 245 | 1 | 0 | _aThe architect's remodeling, renovation and restoration handbook |
| 260 |
_aNew York: _bVan Nostrand _c1989 |
||
| 300 | _axii, 348p.: ill. | ||
| 350 | _a0.00 | ||
| 650 | _aARCHITECTURE--UNITED STATES--CONSERVSTION AND RESTORATION | ||
| 650 | _aARCHITECTURAL DESIGN--EVALUATION | ||
| 995 |
_aMAIN LIBRARY OPEN ACCESS _D0.00 _e722457 _FCBU-MAIN LIBRARY (Kitwe) _H1 _I45.50 _jNA 106 Sim _UAVAILABLE _y009819 _ZMain Library Open Access Collection |
||
| 995 |
_aMAIN LIBRARY OPEN ACCESS _D0.00 _e722456 _FCBU-MAIN LIBRARY (Kitwe) _H2 _I45.50 _jNA 106 Sim _M2 _UAVAILABLE _y56022 _ZMain Library Open Access Collection |
||
| 999 |
_c84327 _d84327 |
||